Multiple choice - US States Names Origins 1 - Statistics

General Stats
  • This quiz has been taken 86 times
  • The average score is 4 of 15
Answer Stats
Question Answer % Correct
Vermont Green Mountain
100%
Michigan Large Water
100%
Mississippi Great River
50%
North Carolina King Charles I of England
50%
Kentucky On the Prairie
50%
Virginia Country of the Virgin Queen (Elizabeth I)
0%
Missouri Dugout Canoe
0%
Nebraska Flattened Water
0%
Texas Friend
0%
Utah High
0%
Delaware Lord de la Warr
0%
Rhode Island Red Island
0%
Illinois Speaks Normally
0%
Arizona The Good Oak
0%
Alabama 'Thicket-clearers'
0%
No matching quizzes found
Score Distribution
Percent of People with Each Score
Percentile by Number Answered
Your Score History
You have not taken this quiz